000 00288nam a2200121Ia 4500
005 20251222144703.0
008 251222s9999||||xx |||||||||||||| ||spa||
082 _a838.96/Z98M/Ej.2
100 _aZweig, Stefan
245 0 _aMagallanes:
264 _bRandom House Mondadori
942 _cLIB
999 _c17544
_d17544